Welcome to CU Library Online Public Access Catalogue (OPAC)

The complete parenting book : (Record no. 1215)

MARC details
000 -LEADER
fixed length control field 00759cam a22002174a 4500
001 - CONTROL NUMBER
control field 13642791
005 - DATE AND TIME OF LATEST TRANSACTION
control field 20241114163658.0
008 - FIXED-LENGTH DATA ELEMENTS--GENERAL INFORMATION
fixed length control field 040701s2004 miu b 000 0 eng
020 ## - INTERNATIONAL STANDARD BOOK NUMBER
International Standard Book Number 0800718666
050 00 - LIBRARY OF CONGRESS CALL NUMBER
Classification number BV4529
Item number .C587 2004
082 00 - DEWEY DECIMAL CLASSIFICATION NUMBER
Classification number 248.8/45
Edition information 22
245 04 - TITLE STATEMENT
Title The complete parenting book :
Remainder of title practical help from leading experts /
Statement of responsibility, etc. edited by David Stoop and Jan Stoop.
260 ## - PUBLICATION, DISTRIBUTION, ETC.
Place of publication, distribution, etc. Grand Rapids, Mich. :
Name of publisher, distributor, etc. Revell,
Date of publication, distribution, etc. c2004.
300 ## - PHYSICAL DESCRIPTION
Extent 446 p. ;
Dimensions 24 cm.
650 #0 - SUBJECT ADDED ENTRY--TOPICAL TERM
Topical term or geographic name entry element Child rearing
General subdivision Religious aspects
-- Christianity.
650 #0 - SUBJECT ADDED ENTRY--TOPICAL TERM
Topical term or geographic name entry element Parenting
General subdivision Religious aspects
-- Christianity.
700 1# - ADDED ENTRY--PERSONAL NAME
Personal name Stoop, David A.
700 1# - ADDED ENTRY--PERSONAL NAME
Personal name Stoop, Jan.
856 41 - ELECTRONIC LOCATION AND ACCESS
Materials specified Table of contents
Uniform Resource Identifier <a href="http://www.loc.gov/catdir/toc/ecip0419/2004015450.html">http://www.loc.gov/catdir/toc/ecip0419/2004015450.html</a>
942 ## - ADDED ENTRY ELEMENTS (KOHA)
Source of classification or shelving scheme Library of Congress Classification
Koha item type Books
Suppress in OPAC No
999 ## -
-- 1215
-- 1215
Holdings
Withdrawn status Lost status Source of classification or shelving scheme Damaged status Not for loan Collection Home library Current library Shelving location Date acquired Total checkouts Full call number Barcode Date last seen Copy number Price effective from Koha item type
    Library of Congress Classification     Non-fiction Law Library (Miotso) Law Library (Miotso) General stacks 11/14/2024   BV4529 COM LLM00000942 11/14/2024 1 11/14/2024 Books
© 2023-2024 Copyright: Central University Libraries. All Rights Reserved | Created by: Mahone Tech Office